000 00377nam a2200157Ia 4500
003 OSt
005 20240202122542.0
008 170523s9999 xx 000 0 und d
020 _a978-9327282771
040 _ciimt university meerut
100 _aGUPTA- RADHASWAMY
245 0 _aFINANCIAL STATEMENT ANALYSIS
260 _bSULTAN CHAND SONS
260 _c1993
942 _2ddc
_c02
999 _c224
_d224